It looks like you're offline.
Open Library logo
additional options menu

MARC record from Internet Archive

LEADER: 02606cam 2200697Ma 4500
001 ocn300404404
003 OCoLC
005 20201113031643.0
008 090122s2009 enk 000 f eng
040 $aUKM$beng$cUKM$dYDXCP$dWAU$dBTCTA$dUKMGB$dOCLCQ$dU9X$dOCLCF$dOCLCO$dOCL$dOCLCQ$dOCL$dOCLCQ$dMEU
015 $aGBA908765$2bnb
016 7 $a014889793$2Uk
019 $a286536741$a1100112543
020 $a9780571215294$q(pbk.)
020 $a0571215297$q(pbk.)
035 $a(OCoLC)300404404$z(OCoLC)286536741$z(OCoLC)1100112543
043 $ae-ie---
050 4 $aPR6052.A729$bS43 2009
082 04 $a823.914$222
100 1 $aBarry, Sebastian,$d1955-
245 14 $aThe secret scripture :$ba novel /$cby Sebastian Barry.
260 $aLondon :$bFaber,$c2009.
300 $a312 pages ;$c20 cm
336 $atext$btxt$2rdacontent
337 $aunmediated$bn$2rdamedia
338 $avolume$bnc$2rdacarrier
520 8 $aNearing her 100th birthday, Roseanne faces an uncertain future, as the mental hospital where she's spent the best part of her adult life prepares for closure. Over the weeks leading up to this upheaval, she talks often with her psychiatrist Dr Grene. This relationship intensifies as he mourns the death of his wife.
546 $aText in English.
650 0 $aOlder women$vFiction.
650 0 $aPhysician and patient$vFiction.
651 0 $aSligo (Ireland)$vFiction.
651 0 $aIreland$xSocial conditions$y1922-1973$vFiction.
650 7 $aOlder women.$2fast$0(OCoLC)fst01199159
650 7 $aPhysician and patient.$2fast$0(OCoLC)fst01062819
650 7 $aSocial conditions$2fast$0(OCoLC)fst01919811
651 7 $aIreland.$2fast$0(OCoLC)fst01205427
651 7 $aIreland$zSligo.$2fast$0(OCoLC)fst01255540
648 7 $a1922-1973$2fast
655 7 $aFiction.$2fast$0(OCoLC)fst01423787
938 $aBaker and Taylor$bBTCP$nBK0008106908
938 $aYBP Library Services$bYANK$n100515594
029 1 $aAU@$b000044357817
029 1 $aCBK$b119322374
029 1 $aNOK$b0571215297
029 1 $aNZ1$b12842004
029 1 $aUKBCI$b119322374
029 1 $aUKBNS$b119322374
029 1 $aUKBOR$b119322374
029 1 $aUKDEL$b119322374
029 1 $aUKDOR$b119322374
029 1 $aUKPMH$b0571215297
029 1 $aUKPMH$b119322374
029 1 $aUKSCO$b119322374
029 1 $aUKSGC$b119322374
029 1 $aUKSOM$b119322374
029 1 $aUKTLS$b119322374
029 1 $aUNITY$b119322374
029 1 $aUKMGB$b014889793
029 1 $aAU@$b000065326374
994 $aZ0$bP4A
948 $hNO HOLDINGS IN P4A - 149 OTHER HOLDINGS